ARRUPE JESUIT UNIVERSITY

CORONAVIRUS -STOP THE SPREAD - CLEAN,DISINFECT,COVER

The best Australian essays 2004 (Record no. 121312)

MARC details
000 -LEADER
fixed length control field 00524nam a22001577a 4500
008 - FIXED-LENGTH DATA ELEMENTS--GENERAL INFORMATION
fixed length control field 141126b xxu||||| |||| 00| 0 eng d
020 ## - INTERNATIONAL STANDARD BOOK NUMBER
International Standard Book Number 9781863952378
050 ## - LIBRARY OF CONGRESS CALL NUMBER
Classification number PR 9617.7.B47 2004
245 ## - TITLE STATEMENT
Title The best Australian essays 2004
Statement of responsibility, etc edited by Robert Dessaix
260 ## - PUBLICATION, DISTRIBUTION, ETC. (IMPRINT)
Place of publication, distribution, etc Melbourne Victoria
Name of publisher, distributor, etc Black Inc
Date of publication, distribution, etc 2004
300 ## - PHYSICAL DESCRIPTION
Extent ix, 310p.
Dimensions 21cm.
650 ## - SUBJECT ADDED ENTRY--TOPICAL TERM
Topical term or geographic name as entry element Australian essays
Chronological subdivision 21st century
9 (RLIN) 12844
650 ## - SUBJECT ADDED ENTRY--TOPICAL TERM
Topical term or geographic name as entry element Speeches, Australian
Chronological subdivision 21st century
9 (RLIN) 12845
700 ## - ADDED ENTRY--PERSONAL NAME
Personal name Dessaix, Robert (ed.)
9 (RLIN) 12846
942 ## - ADDED ENTRY ELEMENTS (KOHA)
Source of classification or shelving scheme Library of Congress Classification
Item type Monograph ( Printed materials)
Holdings
Withdrawn status Lost status Source of classification or shelving scheme Damaged status Not for loan Home library Current library Shelving location Date acquired Total Checkouts Full call number Barcode Date last seen Price effective from Koha item type
    Library of Congress Classification     ARRUPE LIBRARY ARRUPE LIBRARY Main Collection 26/11/2014   PR 9617.7.B47 2004 46500003645 26/11/2014 26/11/2014 Monograph ( Printed materials)

 

Arrupe Library. PO Box MP320 Mt Pleasant, Harare, Zimbabwe
263 242 745411|librarian@aju.ac.zw